Most Monthly Spotify Listeners (February 2022) - Statistics

General Stats
  • This quiz has been taken 101 times
  • The average score is 15 of 50
Answer Stats
Rank Listeners Answer % Correct
12 53,550,476 Drake
86%
1 81,852,564 The Weeknd
77%
8 56,311,544 Taylor Swift
76%
3 77,110,775 Ed Sheeran
75%
2 78,399,769 Justin Bieber
66%
11 54,173,306 Ariana Grande
64%
4 67,103,204 Dua Lipa
64%
13 52,579,871 Eminem
59%
23 47,123,858 Kanye West
48%
21 47,444,979 Rihanna
47%
18 49,108,009 Billie Eilish
46%
22 47,190,770 Post Malone
46%
24 45,948,777 Bad Bunny
45%
33 39,684,835 Travis Scott
43%
30 41,532,647 Nicki Minaj
40%
5 57,824,965 Adele
39%
9 55,759,656 Doja Cat
39%
10 54,259,259 Bruno Mars
36%
46 36,209,027 Queen
35%
34 39,524,424 BTS
33%
26 44,217,932 Katy Perry
31%
40 38,139,273 Lady Gaga
31%
6 57,205,034 Coldplay
30%
25 44,521,847 Shawn Mendes
30%
7 56,450,130 Imagine Dragons
28%
14 51,988,235 J Balvin
24%
20 47,720,946 Maroon 5
24%
17 50,041,468 David Guetta
23%
15 51,583,441 Lil Nas X
23%
41 36,827,200 DaBaby
22%
28 43,289,105 Olivia Rodrigo
22%
42 36,762,965 Calvin Harris
20%
37 38,972,438 Future
19%
16 51,029,789 Elton John
18%
43 36,642,912 SZA
18%
27 43,550,258 Khalid
16%
19 47,792,343 The Kid Laroi
16%
49 35,521,197 Charlie Puth
13%
44 36,526,708 Chris Brown
11%
36 39,020,515 Marshmello
10%
45 36,302,911 Daddy Yankee
8%
38 38,648,807 Halsey
7%
50 35,479,364 Maluma
7%
31 41,181,364 Jack Harlow
6%
47 35,742,279 GAYLE
4%
32 39,714,779 Glass Animals
4%
48 35,726,948 Ozuna
4%
39 38,536,762 Rauw Alejandro
4%
35 39,521,730 Tiesto
2%
29 43,195,028 Farruko
0%
No matching quizzes found
Score Distribution
Percent of People with Each Score
Percentile by Number Answered
Your Score History
You have not taken this quiz